000 00534nam a2200193 a 4500
001 16812
003 CO-ViMGA
008 141112s2004 ck r 000 u spa d
020 _a9682427231
040 _aCO-ViMGA
_bspa
_cCO-ViMGA
082 0 4 _a651.3741 A183d
100 1 _aAbuadili Nahúm, Josefina
_923776
245 1 0 _aDesarrollo profesional de la secretaria
260 _aMexico,
_cTrillas,
_c1999
300 _a103.p.
590 _aForma de adquisición : Premio - Mincultura
650 1 4 _aSECRETARIAS
_920022
942 _2ddc
_cBK
999 _c26462
_d26462